00494nam a2200193 a 4500001001300000003000900013005001700022008004100039020001000080082001600090100002300106245003100129260004100160300000900201500003500210505001300245650001900258700002300277nice12345678IN_TiNIC20260116011352.0050524s1939 azaa grp 000 0 urd  ac10000a297.5bNAD1 aNadvi, Abdus Salam aTareekh-I-Akhlaaq-I-Islami aAzam Garh (U.P) bMaarif Pressc1939 a274p aincludes index and biblioraphy2 aAppendix aMoral Theology1 aNadvi, Abdus Salam